The unifield modeling language user guide / (Record no. 133547)

MARC details
000 -LEADER
fixed length control field 00799nam a22002657a 4500
005 - DATE AND TIME OF LATEST TRANSACTION
control field 20170124110211.0
010 ## - LIBRARY OF CONGRESS CONTROL NUMBER
LC control number B-276972
020 ## - INTERNATIONAL STANDARD BOOK NUMBER
Terms of availability 00.00
International Standard Book Number 8177583727
035 ## - SYSTEM CONTROL NUMBER
System control number B-276972
037 ## - SOURCE OF ACQUISITION
Source of stock number/acquisition Cen Lib/Ret
040 ## - CATALOGING SOURCE
Original cataloging agency DPL
Language of cataloging EN
082 ## - DEWEY DECIMAL CLASSIFICATION NUMBER
Classification number 005.262
Item number BOO
100 ## - MAIN ENTRY--PERSONAL NAME
Personal name Booch, Grady
9 (RLIN) 38239
245 ## - TITLE STATEMENT
Title The unifield modeling language user guide /
Statement of responsibility, etc by Bgrady booch, James Rumbaugh [and] Ivar Jacobson
246 ## - VARYING FORM OF TITLE
Remainder of title
260 ## - PUBLICATION, DISTRIBUTION, ETC. (IMPRINT)
Name of publisher, distributor, etc Dorling kindersley
Date of publication, distribution, etc 2008
Place of publication, distribution, etc New Delhi
270 ## - ADDRESS
City New Delhi
300 ## - PHYSICAL DESCRIPTION
Extent 504p.
Dimensions 23cm(pbk)
500 ## - GENERAL NOTE
General note Includes glossary and index
650 ## - SUBJECT ADDED ENTRY--TOPICAL TERM
Topical term or geographic name as entry element Computer science
9 (RLIN) 101946
650 ## - SUBJECT ADDED ENTRY--TOPICAL TERM
Topical term or geographic name as entry element Computer programming
9 (RLIN) 1122
700 ## - ADDED ENTRY--PERSONAL NAME
Personal name Rumbaugh, James
9 (RLIN) 38241
700 ## - ADDED ENTRY--PERSONAL NAME
Personal name Jacobson, Ivar
9 (RLIN) 38242
942 ## - ADDED ENTRY ELEMENTS (KOHA)
Source of classification or shelving scheme Dewey Decimal Classification
Koha item type English Books
Classification part 005.262
Call number suffix BOO
Holdings
Withdrawn status Lost status Damaged status Not for loan Home library Current library Date acquired Source of acquisition Cost, normal purchase price Total Checkouts Full call number Barcode Date last seen Copy number Cost, replacement price Price effective from Koha item type
        Central Library Central Library 27/07/2015 Cen Lib/Ret 0.00   005.262 BOO B-276972 27/07/2015 1 0.00 27/07/2015 English Books

© Delhi Public Library
Hit Counter
free hit counter